| LEADER | 00904nam a22002411 4500 | ||
|---|---|---|---|
| 001 | c000122442 | ||
| 003 | CARM | ||
| 005 | 00000000000000.0 | ||
| 008 | 711124s1965 nyua b 00010 eng | ||
| 019 | 1 | |a 650202 |z 5061093 |z 24061421 |z 54050608 |z 57418493 |5 LACONCORD2021 | |
| 035 | |a (OCoLC)550479 |5 LACONCORD2021 | ||
| 050 | |a QH308 |b .T4 | ||
| 100 | 1 | |a Telfer, William H. | |
| 245 | 1 | 4 | |a The biology of organisms, |c by William H. Telfer [and] Donald Kennedy. |
| 260 | |a New York, |b J. Wiley |c [1965] | ||
| 300 | |a xi, 374 p. |b illus. |c 24 cm. | ||
| 504 | |a Bibliography: p. 359-361. | ||
| 650 | 0 | |a Biology. | |
| 700 | 1 | |a Kennedy, Donald, |d 1931- |e joint author. | |
| 852 | 8 | |b CARM |h A2:AE21B0 |i B00208 |p 0011728 |f BK | |
| 082 | 0 | 4 | |a 574 |
| 999 | f | f | |i 752b710a-3c9e-5466-9210-aa8a7bfcb918 |s cba4cbc0-8b4f-59cc-bbef-7e2ba4bedc20 |
| 952 | f | f | |p Can circulate |a CAVAL |b CAVAL |c CAVAL |d CARM 1 Store |e B00208 |f A2:AE21B0 |h Other scheme |i book |m 0011728 |